[Event "Ekaterinburg Scerbin Memorial"]
[Site "Ekaterinburg"]
[Date "2023.01.14"]
[Round "3"]
[White "Kozlov, Oleg"]
[Black "Volkov, Sergey"]
[Result "1/2-1/2"]
[WhiteElo "2279"]
[BlackElo "2472"]
[PlyCount "102"]
[EventDate "2023.01.14"]
[EventType "swiss (rapid)"]
[EventRounds "11"]
[EventCountry "RUS"]
[SourceTitle "CBM 212 Extra"]
[Source "ChessBase"]
[SourceDate "2023.03.31"]
[SourceVersion "1"]
[SourceVersionDate "2023.03.31"]
[SourceQuality "1"]

1. Nf3 d5 2. d4 c5 3. c4 Nf6 4. cxd5 cxd4 5. Qxd4 Qxd5 6. Nc3 Qxd4 7. Nxd4 a6 8. e4 e5 9. Nc2 Nc6 10. Be3 Be6 11. 0-0-0 Rc8 12. Kb1 Nb4 13. Nxb4 Bxb4 14. Nd5 Nxd5 15. exd5 Bf5+ 16. Bd3 Bg6 17. h4 Kd7 18. h5 Bxd3+ 19. Rxd3 Bd6 20. Rb3 b5 21. Rc1 Rxc1+ 22. Kxc1 Rc8+ 23. Kd2 Rc4 24. a3 Rh4 25. Rc3 Rxh5 26. Rc6 e4 27. Rxa6 Rxd5+ 28. Kc2 h5 29. g3 g5 30. Ra7+ Ke6 31. Ra8 h4 32. gxh4 gxh4 33. Rh8 Be7 34. Rh6+ Bf6 35. b3 Ke7 36. a4 bxa4 37. bxa4 Rf5 38. Kb3 Kf8 39. a5 Kg7 40. a6 Ra5 41. a7 Rxa7 42. Rxf6 Kxf6 43. Bxa7 Kf5 44. Kc3 Kf4 45. Kd2 Kf3 46. Ke1 h3 47. Bb8 f5 48. Kf1 f4 49. Kg1 e3 50. fxe3 fxe3 51. Bg3 e2 1/2-1/2

[Event "St Petersburg-ch Seniors Blitz"]
[Site "St Petersburg"]
[Date "2022.10.05"]
[Round "8"]
[White "Kozlov, Oleg"]
[Black "Balakin, Vadim"]
[Result "1-0"]
[WhiteElo "2179"]
[BlackElo "2117"]
[PlyCount "72"]
[EventDate "2022.10.05"]
[EventType "swiss"]
[EventRounds "11"]
[EventCountry "RUS"]
[SourceTitle "CBM 210 Extra"]
[Source "ChessBase"]
[SourceDate "2022.11.30"]
[SourceVersion "1"]
[SourceVersionDate "2022.11.30"]
[SourceQuality "1"]

1. Nf3 d6 2. d4 f5 3. c4 Nf6 4. Nc3 g6 5. g3 Bg7 6. Bg2 0-0 7. 0-0 Qe8 8. d5 e5 9. dxe6 Bxe6 10. Nd4 Bc8 11. b3 Nc6 12. Bb2 Bd7 13. Ndb5 Rc8 14. Rc1 a6 15. Nd4 Nxd4 16. Qxd4 Ne4 17. Qd5+ Be6 18. Qxb7 Rb8 19. Qxc7 Rf7 20. Qa5 Bxc4 21. Nxe4 Bxb2 22. Nxd6 Qd8 23. Qxd8+ Rxd8 24. Nxc4 Bxc1 25. Rxc1 Re7 26. e3 Rc7 27. Kf1 Kg7 28. Ke2 a5 29. Rd1 Rb8 30. Rd3 a4 31. Bd5 axb3 32. axb3 Ra7 33. h4 Ra2+ 34. Rd2 Ra1 35. Ne5 Rb1 36. Bc4 Re8 1-0

[Event "St Petersburg-ch Seniors Rapid"]
[Site "St Petersburg"]
[Date "2022.10.04"]
[Round "6"]
[White "Kozlov, Oleg"]
[Black "Ionov, Sergey"]
[Result "0-1"]
[WhiteElo "2179"]
[BlackElo "2413"]
[PlyCount "90"]
[EventDate "2022.10.03"]
[EventType "swiss (rapid)"]
[EventRounds "10"]
[EventCountry "RUS"]
[SourceTitle "EXT 2024"]
[Source "ChessBase"]
[SourceDate "2023.10.10"]
[SourceVersion "1"]
[SourceVersionDate "2023.10.10"]
[SourceQuality "1"]

1. Nf3 Nf6 2. d4 e6 3. c4 d5 4. g3 Be7 5. Bg2 0-0 6. Qc2 c5 7. cxd5 cxd4 8. Nxd4 Nxd5 9. 0-0 Nb4 10. Qd1 e5 11. Nb5 N8c6 12. N1c3 Be6 13. a3 Qxd1 14. Rxd1 Nc2 15. Rb1 Rad8 16. Rd2 N2d4 17. Nxd4 exd4 18. Nd1 Bf5 19. Ra1 Na5 20. e4 Be6 21. Rb1 Ba2 22. Ra1 Nb3 23. Rxa2 Nxc1 24. b4 Nxa2 25. Rxa2 Rc8 26. Rd2 Rc1 27. Bf1 Ra1 28. Nb2 Rxa3 29. Nd3 Rb3 30. Rc2 Bxb4 31. Rc7 Ba5 32. Rd7 Rd8 33. Re7 Kf8 34. Re5 Bc7 35. Rf5 g6 36. Rc5 Rc3 37. Rb5 b6 38. Rb1 a5 39. e5 a4 40. Ra1 a3 41. f4 b5 42. Nb4 d3 43. Rd1 d2 44. Kf2 Rd4 45. Na2 Ke8 0-1

[Event "St Petersburg-ch Seniors Rapid"]
[Site "St Petersburg"]
[Date "2022.10.04"]
[Round "10"]
[White "Kozlov, Oleg"]
[Black "Kalegin, Evgenij"]
[Result "1/2-1/2"]
[WhiteElo "2179"]
[BlackElo "2286"]
[PlyCount "80"]
[EventDate "2022.10.03"]
[EventType "swiss (rapid)"]
[EventRounds "10"]
[EventCountry "RUS"]
[SourceTitle "EXT 2024"]
[Source "ChessBase"]
[SourceDate "2023.10.10"]
[SourceVersion "1"]
[SourceVersionDate "2023.10.10"]
[SourceQuality "1"]

1. Nf3 Nf6 2. c4 g6 3. b3 Bg7 4. Bb2 0-0 5. e3 d6 6. d4 Nbd7 7. Be2 e6 8. 0-0 b6 9. Nc3 Bb7 10. Qc2 Qe7 11. Rfd1 Ne8 12. Ne1 c6 13. f4 e5 14. fxe5 dxe5 15. d5 cxd5 16. Nxd5 Bxd5 17. Rxd5 Nef6 18. Rdd1 e4 19. Qc1 Rfd8 20. Nc2 Ne5 21. Nd4 h5 22. h3 Rac8 23. Ba3 Qe8 24. Nb5 Nd3 25. Bxd3 exd3 26. Nd6 Rxd6 27. Bxd6 Ne4 28. Bb4 a5 29. Be1 Bxa1 30. Qxa1 Rd8 31. Bc3 Nxc3 32. Qxc3 Qxe3+ 33. Kh1 Rd4 34. Qd2 Qe2 35. Kg1 Kf8 36. Qh6+ Kg8 37. Qd2 Kf8 38. Qh6+ Kg8 39. Qd2 Kf8 40. Ra1 Ke7 1/2-1/2

[Event "St Petersburg-ch Seniors Rapid"]
[Site "St Petersburg"]
[Date "2022.10.04"]
[Round "7"]
[White "Napalkov, Vladimir Aleksandro"]
[Black "Kozlov, Oleg"]
[Result "0-1"]
[WhiteElo "1951"]
[BlackElo "2179"]
[PlyCount "108"]
[EventDate "2022.10.03"]
[EventType "swiss (rapid)"]
[EventRounds "10"]
[EventCountry "RUS"]
[SourceTitle "EXT 2024"]
[Source "ChessBase"]
[SourceDate "2023.10.10"]
[SourceVersion "1"]
[SourceVersionDate "2023.10.10"]
[SourceQuality "1"]

1. d4 Nf6 2. c4 e6 3. Nc3 d5 4. cxd5 Nxd5 5. Nf3 c5 6. e4 Nxc3 7. bxc3 cxd4 8. cxd4 Bb4+ 9. Bd2 Bxd2+ 10. Qxd2 0-0 11. Bc4 b6 12. 0-0 Bb7 13. Rfe1 Nd7 14. Rad1 Rc8 15. Bd3 h6 16. Bb1 Qc7 17. Qe3 Rfd8 18. e5 Bxf3 19. Qxf3 Qc3 20. Re3 Qb2 21. Rb3 Qc1 22. Rbd3 Qc6 23. Qg4 f5 24. exf6 Nxf6 25. Qg6 Qe8 26. Qg3 Qf7 27. Rc3 Nd5 28. Rf3 Nf6 29. Rc3 Rxc3 30. Qxc3 Nd5 31. Qd3 Nf4 32. Qh7+ Kf8 33. g3 Ne2+ 34. Kf1 Nxd4 35. Qe4 Qf6 36. a4 e5 37. Ba2 Rd7 38. Rc1 Ke7 39. f4 Qf5 40. Qe1 Qd3+ 41. Kg2 Qf3+ 42. Kh3 Ne2 43. Qb4+ Kf6 44. fxe5+ Kxe5 45. Qb5+ Kf6 46. Qc6+ Qxc6 47. Rxc6+ Kg5 48. Be6 Re7 49. Bc4 Nd4 50. Rd6 Nf5 51. Rd5 Kf6 52. Bd3 Ne3 53. Rb5 Re5 54. Rb2 Rh5# 0-1

[Event "Titled Tuesday intern op 26th Jul Early"]
[Site "Chess.com INT"]
[Date "2022.07.26"]
[Round "6"]
[White "Kozlov, Oleg"]
[Black "Guz, Ari"]
[Result "1-0"]
[WhiteElo "2279"]
[BlackElo "2331"]
[PlyCount "103"]
[EventDate "2022.07.26"]
[EventType "swiss (blitz)"]
[EventRounds "11"]
[EventCountry "USA"]
[SourceTitle "EXT 2023"]
[Source "ChessBase"]
[SourceDate "2022.10.05"]
[SourceVersion "1"]
[SourceVersionDate "2022.10.05"]
[SourceQuality "1"]

1. d4 e6 2. c4 d5 3. Nf3 Nf6 4. g3 dxc4 5. Bg2 Bd7 6. Ne5 Bc6 7. Nxc6 Nxc6 8. 0-0 Qd7 9. e3 0-0-0 10. Qa4 Nd5 11. Qxc4 h5 12. Nc3 h4 13. Bd2 hxg3 14. hxg3 Bb4 15. Rac1 Bxc3 16. bxc3 Rh5 17. Qb3 Rdh8 18. c4 Nb6 19. Rb1 Nd8 20. a4 Qxa4 21. Qxa4 Nxa4 22. c5 a6 23. Bf3 Rf5 24. Be4 Rfh5 25. Ra1 Nb2 26. Bc3 Nc4 27. Ra4 b5 28. Rxa6 Kd7 29. Rb1 c6 30. Ra7+ Ke8 31. Kg2 Rh2+ 32. Kg1 f5 33. Bf3 g5 34. Ra8 Kd7 35. Rba1 e5 36. R1a7+ Ke6 37. d5+ cxd5 38. Ra6+ Kf7 39. Bxd5+ Ke7 40. R6a7+ Kf6 41. c6 Ne6 42. Rxh8 Rxh8 43. c7 Rc8 44. Ra6 Rxc7 45. Rxe6+ Kg7 46. Bxc4 Rxc4 47. Bxe5+ Kf7 48. Rb6 Ke7 49. Rxb5 Ke6 50. Bd4 g4 51. Re5+ Kf6 52. Rc5+ 1-0

[Event "Titled Tuesday intern op 26th Jul Early"]
[Site "Chess.com INT"]
[Date "2022.07.26"]
[Round "5"]
[White "Kozlov, Oleg"]
[Black "Lakshmi, Chidambaram"]
[Result "1-0"]
[WhiteElo "2279"]
[BlackElo "1959"]
[PlyCount "63"]
[EventDate "2022.07.26"]
[EventType "swiss (blitz)"]
[EventRounds "11"]
[EventCountry "USA"]
[SourceTitle "EXT 2023"]
[Source "ChessBase"]
[SourceDate "2022.10.05"]
[SourceVersion "1"]
[SourceVersionDate "2022.10.05"]
[SourceQuality "1"]

1. f4 d5 2. Nf3 c5 3. g3 Nc6 4. Bg2 g6 5. 0-0 Bg7 6. d3 e6 7. Qe1 Nge7 8. e4 b6 9. Nc3 Bb7 10. Bd2 d4 11. Na4 0-0 12. b3 Rc8 13. Nb2 b5 14. a4 a6 15. axb5 axb5 16. g4 Qd7 17. h4 f5 18. Bh3 Rce8 19. Qg3 Kh8 20. Rae1 Nc8 21. Kh2 Nd6 22. Rg1 Ne7 23. e5 Ndc8 24. h5 fxg4 25. Bxg4 Nf5 26. Qh3 Nh6 27. hxg6 hxg6 28. f5 exf5 29. Bxh6 fxg4 30. Bxg7+ Kxg7 31. Rxg4 Rh8 32. Nh4 1-0

[Event "Titled Tuesday intern op 19th Jul Early"]
[Site "Chess.com INT"]
[Date "2022.07.19"]
[Round "3"]
[White "Fajdetic, Hrvoje"]
[Black "Kozlov, Oleg"]
[Result "0-1"]
[WhiteElo "2151"]
[BlackElo "2279"]
[PlyCount "54"]
[EventDate "2022.07.19"]
[EventType "swiss (blitz)"]
[EventRounds "11"]
[EventCountry "USA"]
[SourceTitle "EXT 2023"]
[Source "ChessBase"]
[SourceDate "2022.10.05"]
[SourceVersion "1"]
[SourceVersionDate "2022.10.05"]
[SourceQuality "1"]

1. b3 d5 2. Bb2 Bf5 3. e3 e6 4. f4 Nf6 5. Nf3 Nbd7 6. d3 h6 7. Nbd2 Bd6 8. Ne5 c6 9. Be2 Qc7 10. d4 a5 11. c4 a4 12. 0-0 0-0 13. c5 Be7 14. b4 a3 15. Bc3 b6 16. g4 Bh7 17. g5 hxg5 18. fxg5 Ne4 19. Nxe4 Bxe4 20. Nxd7 Qxd7 21. h4 f6 22. Bf3 fxg5 23. Bxe4 dxe4 24. Qg4 Qd5 25. cxb6 gxh4 26. Rxf8+ Rxf8 27. b7 Qf5 0-1

[Event "Titled Tuesday intern op 19th Jul Early"]
[Site "Chess.com INT"]
[Date "2022.07.19"]
[Round "1"]
[White "Garcia Castany Musellas, Gal La"]
[Black "Kozlov, Oleg"]
[Result "1-0"]
[WhiteElo "2146"]
[BlackElo "2279"]
[PlyCount "79"]
[EventDate "2022.07.19"]
[EventType "swiss (blitz)"]
[EventRounds "11"]
[EventCountry "USA"]
[SourceTitle "EXT 2023"]
[Source "ChessBase"]
[SourceDate "2022.10.05"]
[SourceVersion "1"]
[SourceVersionDate "2022.10.05"]
[SourceQuality "1"]

1. d4 f5 2. Nc3 Nf6 3. Bg5 d5 4. e3 Be6 5. Bd3 Qd7 6. Nf3 Nc6 7. Ne2 Bf7 8. Rc1 e6 9. 0-0 Bd6 10. c4 Nb4 11. Bb1 c6 12. a3 Na6 13. Bf4 Ne4 14. Bxd6 Qxd6 15. Ne5 0-0 16. f3 Nf6 17. c5 Qe7 18. Bd3 Nc7 19. b4 Nd7 20. f4 Ne8 21. a4 Nef6 22. b5 Nxe5 23. dxe5 Ne4 24. Bxe4 dxe4 25. Nd4 Rac8 26. Qb3 Rfd8 27. bxc6 bxc6 28. Qc4 Rd5 29. Rf2 Qb7 30. Qc3 Rb8 31. h3 Qa6 32. Rb2 Rdd8 33. Rcb1 Rxb2 34. Rxb2 Qxa4 35. Rb7 Qd1+ 36. Kh2 Qd3 37. Qa5 Re8 38. Qc7 Rf8 39. Nxe6 Qxe3 40. Qe7 1-0

[Event "Titled Tuesday intern op 19th Jul Early"]
[Site "Chess.com INT"]
[Date "2022.07.19"]
[Round "6"]
[White "Kozlov, Oleg"]
[Black "Tifferet, Shaked"]
[Result "1-0"]
[WhiteElo "2279"]
[BlackElo "2214"]
[PlyCount "73"]
[EventDate "2022.07.19"]
[EventType "swiss (blitz)"]
[EventRounds "11"]
[EventCountry "USA"]
[SourceTitle "EXT 2023"]
[Source "ChessBase"]
[SourceDate "2022.10.05"]
[SourceVersion "1"]
[SourceVersionDate "2022.10.05"]
[SourceQuality "1"]

1. d4 f5 2. g3 Nf6 3. Bg2 e6 4. c4 d5 5. Nh3 c6 6. Qc2 Bd6 7. Nd2 0-0 8. 0-0 b6 9. Nf3 Ba6 10. cxd5 cxd5 11. Bf4 Ne4 12. Rac1 Nd7 13. Bxd6 Nxd6 14. Nf4 Rc8 15. Qa4 Bb5 16. Qb4 Qe7 17. Ne5 Nf6 18. a4 a5 19. Qb3 Bc4 20. Qxb6 Rb8 21. Qxa5 Rxb2 22. Rfe1 g5 23. Nfd3 Nfe4 24. Nxb2 f4 25. Nbxc4 dxc4 26. Nxc4 fxg3 27. fxg3 Qf6 28. Nxd6 Nxd6 29. Qe5 Qe7 30. Rc6 Nf7 31. Qxe6 Qa7 32. e3 Qa5 33. Rf1 Kg7 34. Qf6+ Kg8 35. Rc5 Qd8 36. Qxd8 Rxd8 37. Bd5 1-0

[Event "Titled Tuesday intern op 05th Jul Early"]
[Site "Chess.com INT"]
[Date "2022.07.05"]
[Round "8"]
[White "Fathy, Elameir"]
[Black "Kozlov, Oleg"]
[Result "0-1"]
[WhiteElo "2300"]
[BlackElo "2279"]
[PlyCount "88"]
[EventDate "2022.07.05"]
[EventType "swiss (blitz)"]
[EventRounds "11"]
[EventCountry "USA"]
[SourceTitle "CBM 209 Extra"]
[Source "ChessBase"]
[SourceDate "2022.09.30"]
[SourceVersion "1"]
[SourceVersionDate "2022.09.30"]
[SourceQuality "1"]

1. d4 f5 2. c4 Nf6 3. Nf3 g6 4. g3 Bg7 5. Bg2 0-0 6. 0-0 d6 7. Nc3 Qe8 8. Re1 Qf7 9. e4 fxe4 10. Ng5 Qxc4 11. Ngxe4 Nxe4 12. Rxe4 Qf7 13. Rf4 Qe8 14. Bxb7 Bxb7 15. Qb3+ e6 16. Qxb7 Qc6 17. Rxf8+ Bxf8 18. Qb3 Kf7 19. d5 exd5 20. Nxd5 Kg7 21. Be3 Nd7 22. Bd4+ Ne5 23. f4 Rb8 24. Qf3 Rb5 25. Rd1 Kg8 26. Nf6+ Kf7 27. Qxc6 Nxc6 28. Nxh7 Nxd4 29. Ng5+ Rxg5 30. Rxd4 Rc5 31. Ra4 a5 32. Kg2 Bg7 33. Kh3 Bxb2 34. Re4 Bf6 35. g4 Bc3 36. g5 Rb5 37. Kg4 Bg7 38. h4 Rb4 39. Re2 Be5 40. Rf2 c5 41. h5 gxh5+ 42. Kf5 Rxf4+ 43. Rxf4 Bxf4 44. Kxf4 Kg6 0-1

[Event "Titled Tuesday intern op 05th Jul Early"]
[Site "Chess.com INT"]
[Date "2022.07.05"]
[Round "3"]
[White "Livaic, Leon"]
[Black "Kozlov, Oleg"]
[Result "0-1"]
[WhiteElo "2576"]
[BlackElo "2279"]
[PlyCount "114"]
[EventDate "2022.07.05"]
[EventType "swiss (blitz)"]
[EventRounds "11"]
[EventCountry "USA"]
[SourceTitle "CBM 209 Extra"]
[Source "ChessBase"]
[SourceDate "2022.09.30"]
[SourceVersion "1"]
[SourceVersionDate "2022.09.30"]
[SourceQuality "1"]

1. b3 d5 2. Bb2 Nf6 3. e3 Bf5 4. Nf3 e6 5. Be2 h6 6. 0-0 Nbd7 7. c4 c6 8. cxd5 exd5 9. d3 Bd6 10. Nbd2 Qe7 11. Re1 0-0-0 12. e4 dxe4 13. dxe4 Nxe4 14. Nxe4 Bxe4 15. Qd4 Bc5 16. Qa4 f5 17. Nd4 Qg5 18. Bf1 Rhe8 19. Rac1 Kb8 20. Qc4 Bd5 21. Qc3 Bd6 22. Qh3 g6 23. Bc4 Bxc4 24. bxc4 Ne5 25. Qb3 Bc5 26. Rxe5 Bxd4 27. Rxe8 Rxe8 28. Rb1 Qd2 29. Bc3 Qxf2+ 30. Kh1 Bb6 31. h3 Re2 32. Be5+ Rxe5 33. c5 Re1+ 34. Rxe1 Qxe1+ 35. Kh2 Bc7+ 36. g3 Qf2+ 37. Kh1 Qf1+ 38. Kh2 Qe2+ 39. Kh1 Qe4+ 40. Kh2 Qd5 41. Qe3 a5 42. Qxh6 Qf3 43. Qh8+ Ka7 44. Qb2 Qxg3+ 45. Kh1 Qxh3+ 46. Kg1 Qg3+ 47. Kf1 Qf3+ 48. Ke1 Qe3+ 49. Kf1 Qxc5 50. a4 Qc4+ 51. Kg1 Bb6+ 52. Kh1 Qh4+ 53. Kg2 Qe4+ 54. Kh2 Qxa4 55. Qg2 Qh4+ 56. Qh3 Qxh3+ 57. Kxh3 a4 0-1

[Event "Titled Tuesday intern op 28th Jun Early"]
[Site "Chess.com INT"]
[Date "2022.06.28"]
[Round "6"]
[White "Rustemov, Alexander"]
[Black "Kozlov, Oleg"]
[Result "1-0"]
[WhiteElo "2525"]
[BlackElo "2294"]
[PlyCount "169"]
[EventDate "2022.06.28"]
[EventType "swiss (blitz)"]
[EventRounds "11"]
[EventCountry "USA"]
[SourceTitle "CBM 209 Extra"]
[Source "ChessBase"]
[SourceDate "2022.09.30"]
[SourceVersion "1"]
[SourceVersionDate "2022.09.30"]
[SourceQuality "1"]

1. d4 f5 2. c4 Nf6 3. Nf3 g6 4. g3 Bg7 5. Bg2 0-0 6. 0-0 d6 7. Nc3 Qe8 8. d5 Na6 9. Rb1 Bd7 10. b4 c5 11. dxc6 bxc6 12. b5 Nc7 13. Nd4 c5 14. Nc6 a6 15. a4 axb5 16. axb5 Ng4 17. Nd5 Nxd5 18. Qxd5+ Kh8 19. Bb2 Bxb2 20. Rxb2 Nf6 21. Qd3 Kg7 22. Qe3 Rf7 23. h3 h6 24. Rd1 g5 25. Qc3 Kg6 26. e3 Ne4 27. Qd3 Bxc6 28. bxc6 Qxc6 29. g4 e6 30. Rdb1 Ra6 31. gxf5+ exf5 32. Rb8 Rd7 33. Re8 Rb7 34. Rxb7 Qxe8 35. Qd5 Nf6 36. Qd1 Qe5 37. Rb1 g4 38. hxg4 Nxg4 39. Qe2 Qh2+ 40. Kf1 Qe5 41. Rd1 Ra7 42. Qd2 Ra6 43. Ke2 Rb6 44. Rc1 Rb2 45. Rc2 Rb4 46. Bf3 Nf6 47. Qd3 Rb2 48. Kf1 Rb1+ 49. Ke2 Rb2 50. Ke1 Rb4 51. Rd2 Rb6 52. Ke2 h5 53. Kf1 Qh2 54. Ke2 Qe5 55. Rd1 Ng4 56. Rd2 Rb2 57. Bxg4 hxg4 58. Kf1 Rb4 59. Qxd6+ Qxd6 60. Rxd6+ Kg5 61. Kg2 Rxc4 62. Rc6 Rc2 63. Kg3 c4 64. f4+ gxf3 65. Kxf3 c3 66. e4 f4 67. Rc5+ Kf6 68. Kxf4 Rc1 69. Ke3 c2 70. Kd2 Rg1 71. Kxc2 Rg4 72. Kd3 Rg3+ 73. Kd4 Ke7 74. Rc6 Rg4 75. Kd5 Rg5+ 76. e5 Kd7 77. Ra6 Rg4 78. Ra7+ Kd8 79. Kd6 Rg6+ 80. e6 Kc8 81. Ra8+ Kb7 82. Rf8 Kb6 83. Kd7 Rg7+ 84. e7 Kc5 85. Ke6 1-0

[Event "Titled Tuesday intern op 21st Jun Early"]
[Site "Chess.com INT"]
[Date "2022.06.21"]
[Round "5"]
[White "Kozlov, Oleg"]
[Black "Legenia, Artem"]
[Result "1-0"]
[WhiteElo "2294"]
[BlackElo "2092"]
[PlyCount "59"]
[EventDate "2022.06.21"]
[EventType "swiss (blitz)"]
[EventRounds "11"]
[EventCountry "USA"]
[SourceTitle "EXT 2023"]
[Source "ChessBase"]
[SourceDate "2022.10.05"]
[SourceVersion "1"]
[SourceVersionDate "2022.10.05"]
[SourceQuality "1"]

1. d4 d5 2. c4 e6 3. Nf3 c5 4. cxd5 exd5 5. g3 Nf6 6. Bg2 Nc6 7. 0-0 cxd4 8. Nxd4 Be7 9. Nc3 0-0 10. Bg5 h6 11. Bf4 Qb6 12. Nb3 Be6 13. Be3 Qd8 14. Nb5 a6 15. N5d4 Nxd4 16. Nxd4 Rc8 17. Qb3 b5 18. Bd2 Rc4 19. e3 Nd7 20. Rfc1 Nc5 21. Qd1 Nd3 22. Rc2 Qc7 23. Bc3 Ne5 24. Bf1 Rc5 25. Rac1 Rc8 26. Nb3 Rxc3 27. Rxc3 Nc4 28. Nd4 Nxb2 29. Rxc7 Nxd1 30. Rxc8+ 1-0

[Event "Titled Tuesday intern op 21st Jun Early"]
[Site "Chess.com INT"]
[Date "2022.06.21"]
[Round "9"]
[White "Rodchenkov, Sergey D"]
[Black "Kozlov, Oleg"]
[Result "1/2-1/2"]
[WhiteElo "2346"]
[BlackElo "2294"]
[PlyCount "120"]
[EventDate "2022.06.21"]
[EventType "swiss (blitz)"]
[EventRounds "11"]
[EventCountry "USA"]
[SourceTitle "EXT 2023"]
[Source "ChessBase"]
[SourceDate "2022.10.05"]
[SourceVersion "1"]
[SourceVersionDate "2022.10.05"]
[SourceQuality "1"]

1. e4 c5 2. Nf3 e6 3. d4 cxd4 4. Nxd4 a6 5. Nc3 b5 6. Bd3 Qb6 7. Nf3 Qc7 8. 0-0 Bb7 9. Re1 d6 10. a4 bxa4 11. Rxa4 Nd7 12. Be3 Ngf6 13. Qe2 Qc6 14. Rea1 Be7 15. Bxa6 0-0 16. Bb5 Qc7 17. Bg5 Nc5 18. Rxa8 Rxa8 19. Rxa8+ Bxa8 20. Bd3 Qb6 21. b3 h6 22. Be3 Qb4 23. Bxc5 dxc5 24. Nb5 Bxe4 25. Bxe4 Qxe4 26. Qxe4 Nxe4 27. Kf1 Kf8 28. Ke2 Ke8 29. Ke3 Nf6 30. c4 Ng4+ 31. Ke2 Bf6 32. h3 Ne5 33. Nd6+ Ke7 34. Ne4 Nxf3 35. Kxf3 Bd4 36. Ke2 f5 37. Nd2 e5 38. f3 Kd6 39. Kd3 Kc6 40. g4 g6 41. h4 h5 42. gxf5 gxf5 43. Nf1 Bf2 44. Ne3 Bxh4 45. Nxf5 Bf2 46. Ke2 Bd4 47. Kf1 Kd7 48. Kg2 Bc3 49. Ng3 h4 50. Nf5 Be1 51. Kh3 Ke6 52. Nxh4 Bf2 53. Kg4 e4 54. fxe4 Ke5 55. Nf3+ Kxe4 56. Ng5+ Kd3 57. Ne6 Kc3 58. Nxc5 Bxc5 59. b4 Kxb4 60. Kf5 Kxc4 1/2-1/2

[Event "Titled Tuesday intern op 31st May Early"]
[Site "Chess.com INT"]
[Date "2022.05.31"]
[Round "7"]
[White "Gokerkan, Cem Kaan"]
[Black "Kozlov, Oleg"]
[Result "0-1"]
[WhiteElo "2465"]
[BlackElo "2294"]
[PlyCount "90"]
[EventDate "2022.05.31"]
[EventType "swiss (blitz)"]
[EventRounds "11"]
[EventCountry "USA"]
[SourceTitle "CBM 208 Extra"]
[Source "ChessBase"]
[SourceDate "2022.07.31"]
[SourceVersion "1"]
[SourceVersionDate "2022.07.31"]
[SourceQuality "1"]

1. d4 f5 2. c4 Nf6 3. Nc3 g6 4. g3 Bg7 5. Bg2 0-0 6. Nh3 d6 7. d5 c6 8. Nf4 e5 9. dxe6 Qe7 10. 0-0 Bxe6 11. Nxe6 Qxe6 12. Qb3 Rf7 13. Rd1 Na6 14. Bf4 Nc5 15. Qa3 Bf8 16. b4 Nce4 17. Nxe4 Nxe4 18. Qd3 Rd8 19. h4 Rfd7 20. Qe3 Qxc4 21. Rd4 Qf7 22. Bxe4 fxe4 23. Rxe4 d5 24. Rd4 Bg7 25. Rad1 Re8 26. Qf3 Bxd4 27. Rxd4 Rde7 28. Rd2 Re4 29. a3 Qe6 30. e3 Kg7 31. h5 Rf8 32. Bh6+ Kxh6 33. Qxf8+ Kxh5 34. f3 Rc4 35. Rh2+ Kg5 36. Qd8+ Kf5 37. g4+ Ke5 38. Qc7+ Kf6 39. Qd8+ Qe7 40. Qh8+ Kg5 41. Re2 Rc1+ 42. Kf2 Kh6 43. f4 Qh4+ 44. Kf3 Qh3+ 45. Kf2 Rf1# 0-1

[Event "Titled Tuesday intern op 31st May Early"]
[Site "Chess.com INT"]
[Date "2022.05.31"]
[Round "5"]
[White "Kozlov, Oleg"]
[Black "Bortnyk, Olexandr"]
[Result "0-1"]
[WhiteElo "2294"]
[BlackElo "2604"]
[PlyCount "84"]
[EventDate "2022.05.31"]
[EventType "swiss (blitz)"]
[EventRounds "11"]
[EventCountry "USA"]
[SourceTitle "CBM 208 Extra"]
[Source "ChessBase"]
[SourceDate "2022.07.31"]
[SourceVersion "1"]
[SourceVersionDate "2022.07.31"]
[SourceQuality "1"]

1. d4 d6 2. c4 e5 3. Nf3 e4 4. Nfd2 f5 5. e3 g6 6. Nc3 Bh6 7. b3 Nf6 8. Bb2 0-0 9. Be2 c6 10. Qc2 d5 11. 0-0-0 Be6 12. Rdg1 a5 13. a3 b5 14. c5 b4 15. axb4 axb4 16. Na4 Nbd7 17. h3 f4 18. Nf1 Qc7 19. g4 fxg3 20. fxg3 Ne8 21. Rg2 Qd8 22. Qd2 Nc7 23. g4 Qh4 24. Kd1 Bg5 25. Qe1 Nb5 26. Qxh4 Bxh4 27. Kd2 Nc3 28. Bxc3 bxc3+ 29. Kxc3 Rab8 30. Nd2 Bf2 31. b4 Bxe3 32. Nb3 Kg7 33. Nb2 Ra8 34. Na5 Nxc5 35. dxc5 d4+ 36. Kc2 d3+ 37. Nxd3 exd3+ 38. Bxd3 Bd5 39. Re2 Bxc5 40. Rb1 Bxb4 41. Nxc6 Ra2+ 42. Kd1 Rf1+ 0-1

[Event "Titled Tuesday intern op 31st May Early"]
[Site "Chess.com INT"]
[Date "2022.05.31"]
[Round "3"]
[White "Kozlov, Oleg"]
[Black "Costachi, Mihnea"]
[Result "1-0"]
[WhiteElo "2294"]
[BlackElo "2463"]
[PlyCount "75"]
[EventDate "2022.05.31"]
[EventType "swiss (blitz)"]
[EventRounds "11"]
[EventCountry "USA"]
[SourceTitle "CBM 208 Extra"]
[Source "ChessBase"]
[SourceDate "2022.07.31"]
[SourceVersion "1"]
[SourceVersionDate "2022.07.31"]
[SourceQuality "1"]

1. d4 Nf6 2. c4 g6 3. Nc3 Bg7 4. e4 0-0 5. h3 a6 6. Bg5 c5 7. d5 b5 8. e5 Ne8 9. d6 f6 10. Qd5+ Kh8 11. Qxa8 Nc6 12. exf6 exf6 13. Bf4 g5 14. Bh2 f5 15. cxb5 Nb4 16. 0-0-0 Qa5 17. Bc4 Bxc3 18. bxc3 Qa3+ 19. Kb1 Qxc3 20. Bb3 Ng7 21. Qf3 Qf6 22. a3 axb5 23. axb4 c4 24. Ba2 Ne6 25. Ne2 f4 26. Qc3 Bb7 27. Qxf6+ Rxf6 28. f3 Ng7 29. Nc3 Nf5 30. Nxb5 Ne3 31. Rd2 c3 32. Nxc3 Kg7 33. Re1 Rf5 34. Rxe3 fxe3 35. Re2 g4 36. hxg4 Rf8 37. Rxe3 Re8 38. Rxe8 1-0

[Event "Titled Tuesday intern op 31st May Early"]
[Site "Chess.com INT"]
[Date "2022.05.31"]
[Round "2"]
[White "Strybuk, Artsiom I"]
[Black "Kozlov, Oleg"]
[Result "0-1"]
[WhiteElo "2296"]
[BlackElo "2294"]
[PlyCount "76"]
[EventDate "2022.05.31"]
[EventType "swiss (blitz)"]
[EventRounds "11"]
[EventCountry "USA"]
[SourceTitle "CBM 208 Extra"]
[Source "ChessBase"]
[SourceDate "2022.07.31"]
[SourceVersion "1"]
[SourceVersionDate "2022.07.31"]
[SourceQuality "1"]

1. d4 f5 2. Bg5 g6 3. Nc3 Bg7 4. e4 fxe4 5. Nxe4 d5 6. Ng3 Nh6 7. Bd3 Nf7 8. Be3 e5 9. dxe5 Nxe5 10. Be2 Be6 11. Nf3 Nxf3+ 12. Bxf3 Bxb2 13. Bd4 Bxd4 14. Qxd4 0-0 15. 0-0 Qf6 16. Qd2 c6 17. Rab1 b6 18. Ne2 Nd7 19. Nd4 Bf7 20. Rbe1 Ne5 21. Rxe5 Qxe5 22. Nxc6 Qd6 23. Nd4 Rac8 24. h4 Qf6 25. h5 gxh5 26. Ne2 Kh8 27. Nf4 Qg5 28. Qd4+ Qg7 29. Qd1 h4 30. Nxd5 Rfd8 31. Re1 Rc5 32. c4 Rxc4 33. Qe2 Rd4 34. Ne7 Rd2 35. Qe3 Qd4 36. Qxd4+ R8xd4 37. Nf5 Rf4 38. Nxh4 Rxh4 0-1